Psychiatry for Primary care Physicians (Record no. 1199)

MARC details
000 -LEADER
fixed length control field 00578nam a22001937a 4500
003 - CONTROL NUMBER IDENTIFIER
control field OSt
005 - DATE AND TIME OF LATEST TRANSACTION
control field 20230929071814.0
008 - FIXED-LENGTH DATA ELEMENTS--GENERAL INFORMATION
fixed length control field 150323b xxu||||| |||| 00| 0 eng d
020 ## - INTERNATIONAL STANDARD BOOK NUMBER
International Standard Book Number 0899708927
040 ## - CATALOGING SOURCE
Transcribing agency DNLm
082 ## - DEWEY DECIMAL CLASSIFICATION NUMBER
Classification number WM5 P959 1998
100 ## - MAIN ENTRY--PERSONAL NAME
Personal name Goldman, Larry; Wise, Thomas N.; Brody, David S.
9 (RLIN) 3244
245 ## - TITLE STATEMENT
Title Psychiatry for Primary care Physicians
260 ## - PUBLICATION, DISTRIBUTION, ETC. (IMPRINT)
Place of publication, distribution, etc. USA;
Name of publisher, distributor, etc. American Medical Association,
Date of publication, distribution, etc. 1998
300 ## - PHYSICAL DESCRIPTION
Extent xiii, 389 p :
Other physical details ill;
Dimensions 28 cm.
504 ## - BIBLIOGRAPHY, ETC. NOTE
Bibliography, etc Includes Bibliographical references and index.
650 ## - SUBJECT ADDED ENTRY--TOPICAL TERM
Topical term or geographic name as entry element Psychiatry
9 (RLIN) 351
942 ## - ADDED ENTRY ELEMENTS (KOHA)
Source of classification or shelving scheme Other/Generic Classification Scheme
Koha item type Short Loan
Holdings
Withdrawn status Lost status Source of classification or shelving scheme Damaged status Not for loan Home library Current library Date acquired Source of acquisition Inventory number Total Checkouts Full call number Barcode Date last seen Koha item type
    Other/Generic Classification Scheme     MUST Main Library MUST Main Library 23/03/2015 Purchase 01/16211   WM5 P959 1998 2015-0555 23/03/2015 Short Loan